000 00370nam a22001457a 4500
005 20231212144822.0
008 231212b |||||||| |||| 00| 0 eng d
082 _a657.2
_bLYN
100 _aLynch, Foulks
245 _aMaintaining Financial Records
_bCAT Paper 3
260 _aUK
_bKaplan Publishing
300 _aCH-16
650 _aManagement/Accounting
999 _c34904
_d34904